Statistics for 10 Closest US state capitals to Ottawa

Click here to take the quiz!

General Stats

  • This quiz has been taken 30 times
  • The average score is 8 of 10

Answer Stats

kmsAnswer% Correct
345Albany
96%
504Boston
86%
581Harrisburg
86%
412Concord
82%
482Augusta
79%
528Providence
75%
278Montpelier
71%
474Hartford
71%
584Trenton
64%
697Dover
64%

Score Distribution

Percentile by Number Answered

Percent of People with Each Score

Your Score History

You have not taken this quiz